| 000 | 00407nab a2200145Ia 4500 | ||
|---|---|---|---|
| 003 | ES-SlBCS | ||
| 005 | 20210601131744.0 | ||
| 008 | 140529s1929 xxu||||| |||| 00| 0 fre d | ||
| 041 | _afre | ||
| 100 | 1 |
_aFumet, Stanislas _918144 |
|
| 245 | 0 | 0 |
_aLa tentation du divin _c Stanislas Fumet |
| 650 | 0 | 4 |
_aArte _91831 |
| 773 | 0 |
_tVie Intelectuelle (La) _gvol. 2, nº. 8, 1929, págs. 942-953 _wRev907 |
|
| 942 | _cAR | ||
| 999 |
_c568251 _d568251 |
||